A TEXTBOOK OF SOIL CHEMISTRY (Record no. 8755)

MARC details
000 -LEADER
fixed length control field 00433nam a22001697a 4500
005 - DATE AND TIME OF LATEST TRANSACTION
control field 20250414162510.0
008 - FIXED-LENGTH DATA ELEMENTS--GENERAL INFORMATION
fixed length control field 250411b |||||||| |||| 00| 0 eng d
020 ## - INTERNATIONAL STANDARD BOOK NUMBER
ISBN 978-93-5124-865-1
041 ## - LANGUAGE CODE
Language code of text/sound track or separate title eng
082 ## - DEWEY DECIMAL CLASSIFICATION NUMBER
Classification number 631.41 SAN-T
100 ## - MAIN ENTRY--AUTHOR NAME
Personal name SANYAL, SAROJ KUMAR
245 ## - TITLE STATEMENT
Title A TEXTBOOK OF SOIL CHEMISTRY
260 ## - PUBLICATION, DISTRIBUTION, ETC. (IMPRINT)
Place of publication NEW DELHI
Name of publisher DAYA PUBLISHING HOUSE
Year of publication 2022
300 ## - PHYSICAL DESCRIPTION
Number of Pages 283;P
650 ## - SUBJECT ADDED ENTRY--TOPICAL TERM
Topical Term AGRICULTURE
942 ## - ADDED ENTRY ELEMENTS (KOHA)
Koha item type Books
Holdings
Lost status Damaged status Collection code Home library Current library Shelving location Date acquired Source of acquisition Cost, normal purchase price Full call number Accession Number Koha item type
    Reference JRU Library JRU Library SHELF-2-A 10/04/2025 PURCHASE 1995.00 631.41 28716 Books
    AGRICULTURE JRU Library JRU Library SHELF-44-E 10/04/2025 PURCHASE 1995.00 631.41 28717 Books